00365nam a2200121Ia 4500008004000000082001500040100004000055245005600095250000500151260003900156300001200195650003600207210210b1969 xxu||||| |||| 00| 0 eng d a544.1 McAF aMcALPINE (Roy K) & SOULE (Byron A). aFundamentals of qualitative chemical analysis.Ed 4. a aNew YorkbD Van Nostrand Co,c1969 avii,342 aQualitatiave Chemistry Analysis